[Event "Sea festival 2021 A"]
[Site "Klaipeda"]
[Date "2021.07.23"]
[Round "5.2"]
[White "Pidluznij, Gleb"]
[Black "Sibajeva, Marija"]
[Result "1-0"]
[WhiteElo "2017"]
[BlackElo "1933"]
[PlyCount "65"]
[EventDate "2021.07.19"]
[EventRounds "7"]
[EventCountry "LTU"]

1. d4 d5 2. Bg5 Nf6 3. Bxf6 exf6 4. e3 c6 5. c4 Be6 6. cxd5 cxd5 7. Nc3 Nc6 8.
g3 Bb4 9. Nge2 Bg4 10. Bg2 Bxc3+ 11. bxc3 Qd7 12. h3 Be6 13. Nf4 f5 14. c4 Ne7
15. c5 O-O 16. Rb1 b6 17. cxb6 axb6 18. Rxb6 Rxa2 19. O-O Nc8 20. Rb4 g5 21.
Qb3 Ra5 22. Nd3 Qa7 23. Nc5 Ra3 24. Qd1 Nd6 25. Qh5 Qe7 26. Qh6 Ne4 27. Bxe4
fxe4 28. Rb7 Qd6 29. Qxg5+ Kh8 30. Qf6+ Kg8 31. Re7 Rxe3 32. Qg5+ Kh8 33. fxe3
1-0

[Event "Sea festival 2021 A"]
[Site "Klaipeda"]
[Date "2021.07.23"]
[Round "5.3"]
[White "Jadenkus, Henrikas"]
[Black "Leclere, Daniel"]
[Result "0-1"]
[WhiteElo "1919"]
[BlackElo "1792"]
[PlyCount "72"]
[EventDate "2021.07.19"]
[EventRounds "7"]
[EventCountry "LTU"]

1. d4 d5 2. e3 c5 3. c3 e6 4. Bd3 Nf6 5. Nd2 Nc6 6. f4 Nd7 7. Ngf3 f5 8. Ne5
Ndxe5 9. fxe5 a6 10. a4 c4 11. Bc2 Rb8 12. O-O Be7 13. g4 g6 14. gxf5 exf5 15.
b3 b5 16. axb5 axb5 17. Ba3 Bxa3 18. Rxa3 Qg5+ 19. Kh1 b4 20. cxb4 Qxe3 21. Nf3
Nxb4 22. Ra5 Qc3 23. Bb1 Nc2 24. Qd2 Qxd2 25. Nxd2 Nxd4 26. bxc4 dxc4 27. Nxc4
O-O 28. Kg1 Be6 29. Ba2 Ne2+ 30. Kf2 Nc3 31. Ra6 Bd5 32. Rc1 Ra8 33. Rxa8 Ne4+
34. Ke3 Rxa8 35. Bb3 Nc5 36. Rd1 Bf7 0-1

[Event "Sea festival 2021 A"]
[Site "Klaipeda"]
[Date "2021.07.23"]
[Round "5.4"]
[White "Zirnovas, Martynas"]
[Black "Gluchaciov, Nikolaj"]
[Result "1/2-1/2"]
[WhiteElo "1834"]
[BlackElo "1714"]
[PlyCount "56"]
[EventDate "2021.07.19"]
[EventRounds "7"]
[EventCountry "LTU"]

1. e4 d6 2. d4 g6 3. Nf3 Bg7 4. Nc3 c6 5. a4 a5 6. h3 Nf6 7. Be3 O-O 8. Be2 Na6
9. Bxa6 Rxa6 10. O-O Qc7 11. Qd2 e5 12. dxe5 dxe5 13. Rfd1 Re8 14. Bg5 Nd7 15.
Qe2 Nf8 16. Rd2 Ne6 17. Be3 b6 18. Rad1 Ra8 19. Qc4 Bf8 20. Nxe5 Ba6 21. Qxc6
Qxe5 22. Nd5 Bc5 23. Bxc5 bxc5 24. f4 Qg7 25. e5 Kh8 26. Nb6 Rab8 27. Nd7 Ra8
28. Nb6 Rab8 1/2-1/2

[Event "Sea festival 2021 A"]
[Site "Klaipeda"]
[Date "2021.07.23"]
[Round "5.5"]
[White "Michailov, Andrej"]
[Black "Vaiciunas, Giedrius"]
[Result "1-0"]
[WhiteElo "1645"]
[BlackElo "1475"]
[PlyCount "83"]
[EventDate "2021.07.19"]
[EventRounds "7"]
[EventCountry "LTU"]

1. b3 d5 2. Bb2 c5 3. e3 Nc6 4. Bb5 a6 5. Bxc6+ bxc6 6. f4 Nf6 7. Nf3 Bg4 8. d3
e6 9. O-O Bd6 10. Qe1 Bxf3 11. Rxf3 Qe7 12. Qh4 d4 13. exd4 cxd4 14. Bxd4 Bc5
15. Qf2 Bxd4 16. Qxd4 Rd8 17. Qc4 Qa7+ 18. Kh1 O-O 19. Nd2 Ng4 20. h3 Ne3 21.
Qc3 Nf5 22. Ne4 Nd4 23. Rff1 f5 24. Ng3 Rf6 25. Rae1 Rg6 26. Kh2 Qe7 27. Qd2
Qh4 28. Re3 e5 29. Qf2 exf4 30. Qxf4 Rg4 31. Qc7 f4 32. Kg1 Rxg3 33. Rxf4 Rxg2+
34. Kxg2 Qg5+ 35. Rg3 Qd5+ 36. Kh2 Ne6 37. Qf7+ Kh8 38. Re4 Rg8 39. Rxe6 Qd8
40. Re7 h6 41. Rxg7 Qd6+ 42. Kh1 1-0

[Event "Sea festival 2021 A"]
[Site "Klaipeda"]
[Date "2021.07.23"]
[Round "5.6"]
[White "Pakalniskis, Romas"]
[Black "Galuscak, Viktoras"]
[Result "0-1"]
[WhiteElo "1563"]
[BlackElo "1883"]
[PlyCount "82"]
[EventDate "2021.07.19"]
[EventRounds "7"]
[EventCountry "LTU"]

1. e4 e5 2. Nf3 Nc6 3. Bb5 a6 4. Ba4 Nf6 5. O-O b5 6. Bb3 Bc5 7. Re1 d6 8. c3
Bg4 9. d3 h6 10. Nbd2 O-O 11. Nf1 Bb6 12. Be3 Ne7 13. Bxb6 cxb6 14. h3 Bd7 15.
d4 Qc7 16. Rc1 Ng6 17. Ng3 Rad8 18. d5 Nf4 19. Qd2 Qc8 20. Nf5 Bxf5 21. exf5
Qxf5 22. Bc2 Qh5 23. Be4 Nxe4 24. Rxe4 Qg6 25. Rxf4 exf4 26. Qxf4 Rfe8 27. Qd4
Qe4 28. Qxb6 Qxd5 29. Qxa6 Ra8 30. Qb6 Rxa2 31. b4 Re6 32. Qd4 Qa8 33. Qd3 Rg6
34. Nh4 Rf6 35. Nf3 Qc6 36. Re1 Ra8 37. Nd4 Qd5 38. Qxb5 Qxb5 39. Nxb5 Kf8 40.
Rd1 Rc8 41. Nxd6 Rd8 0-1

[Event "Sea festival 2021 A"]
[Site "Klaipeda"]
[Date "2021.07.24"]
[Round "6.1"]
[White "Salna, Aleksandras"]
[Black "Leclere, Daniel"]
[Result "1/2-1/2"]
[WhiteElo "2166"]
[BlackElo "1792"]
[PlyCount "169"]
[EventDate "2021.07.19"]
[EventRounds "7"]
[EventCountry "LTU"]

1. d4 d5 2. Bf4 Nf6 3. e3 c5 4. c3 Nc6 5. Nd2 cxd4 6. exd4 Bf5 7. Qb3 Qc8 8.
Ngf3 h6 9. Ne5 e6 10. Bb5 Nd7 11. Ndf3 f6 12. Nxd7 Qxd7 13. O-O Bd6 14. Bxd6
Qxd6 15. Rfe1 O-O 16. Rad1 a6 17. Bd3 Bxd3 18. Rxd3 b5 19. Rde3 Rfe8 20. Qc2
Rac8 21. Qe2 e5 22. dxe5 fxe5 23. Nxe5 Rxe5 24. Rxe5 Qxe5 25. Qxe5 Nxe5 26.
Rxe5 d4 27. g3 dxc3 28. bxc3 Rxc3 29. Re2 Kf7 30. Kg2 Kf6 31. f4 b4 32. Kh3 a5
33. Kg4 Ra3 34. h3 a4 35. Re4 Rxa2 36. Rxb4 Ra3 37. Rb6+ Kf7 38. Ra6 Ra1 39.
Kf5 Ra3 40. Ra7+ Kf8 41. Kg4 g6 42. f5 gxf5+ 43. Kf4 Kg8 44. Ra5 Kg7 45. Rxf5
Ra1 46. Ra5 a3 47. Ra7+ Kf6 48. Ra6+ Kg7 49. Kf5 Rf1+ 50. Kg4 Ra1 51. Kh5 a2
52. Ra7+ Kf6 53. Ra6+ Kg7 54. Kg4 Kf7 55. Kh4 Kg7 56. Kg4 Kf7 57. Ra8 h5+ 58.
Kh4 Kg6 59. Ra6+ Kf7 60. Kxh5 Rh1 61. Rxa2 Rxh3+ 62. Kg4 Rh8 63. Ra7+ Kf6 64.
Ra6+ Kf7 65. Kf5 Rh5+ 66. Kf4 Rb5 67. g4 Rb4+ 68. Kg5 Rc4 69. Kh5 Rb4 70. g5
Rb1 71. Ra7+ Kg8 72. Kh6 Rb6+ 73. g6 Rb8 74. Rg7+ Kh8 75. Re7 Kg8 76. Re6 Rc8
77. Kg5 Rc1 78. Re5 Rg1+ 79. Kf6 Rf1+ 80. Rf5 Rxf5+ 81. Kxf5 Kg7 82. Kg5 Kg8
83. Kh6 Kh8 84. g7+ Kg8 85. Kg6 1/2-1/2

[Event "Sea festival 2021 A"]
[Site "Klaipeda"]
[Date "2021.07.24"]
[Round "6.2"]
[White "Jadenkus, Henrikas"]
[Black "Pidluznij, Gleb"]
[Result "0-1"]
[WhiteElo "1919"]
[BlackElo "2017"]
[PlyCount "96"]
[EventDate "2021.07.19"]
[EventRounds "7"]
[EventCountry "LTU"]

1. d4 Nf6 2. e3 g6 3. Bd3 Bg7 4. f4 O-O 5. Nf3 d6 6. e4 c5 7. e5 dxe5 8. dxe5
Nd5 9. Be4 Nb4 10. O-O Bf5 11. Bxf5 Qxd1 12. Rxd1 gxf5 13. Na3 e6 14. c3 Nd5
15. c4 Nb4 16. Nb5 N8c6 17. Be3 b6 18. Bf2 a6 19. Nd6 f6 20. a3 Nc2 21. Rac1
N2d4 22. Bxd4 cxd4 23. exf6 Bxf6 24. Re1 d3 25. Rxe6 Bxb2 26. Rd1 Bxa3 27. Rxd3
Bc5+ 28. Kf1 Rad8 29. Ke2 Nb4 30. Rd2 a5 31. Nb7 Rde8 32. Nxc5 bxc5 33. Rxe8
Rxe8+ 34. Ne5 a4 35. Kd1 a3 36. Kc1 a2 37. Kb2 Ra8 38. Ka1 Ra3 39. Rb2 Rc3 40.
Rxb4 cxb4 41. Kxa2 Rc2+ 42. Kb3 Rxg2 43. c5 Kf8 44. c6 Ke7 45. Kxb4 Kd6 46. Kb5
Rb2+ 47. Kc4 Rxh2 48. Kd4 Re2 0-1

[Event "Sea festival 2021 A"]
[Site "Klaipeda"]
[Date "2021.07.24"]
[Round "6.3"]
[White "Sibajeva, Marija"]
[Black "Michailov, Andrej"]
[Result "1-0"]
[WhiteElo "1933"]
[BlackElo "1645"]
[PlyCount "89"]
[EventDate "2021.07.19"]
[EventRounds "7"]
[EventCountry "LTU"]

1. e4 e5 2. Nf3 Nc6 3. Bc4 Nf6 4. d3 Be7 5. O-O d6 6. c3 Be6 7. Bxe6 fxe6 8.
Qb3 Qd7 9. Qxb7 O-O 10. Qb3 Nh5 11. d4 Rxf3 12. gxf3 exd4 13. f4 Rf8 14. f5 d5
15. fxe6 Qxe6 16. Qxd5 Qxd5 17. exd5 Ne5 18. f4 Nd3 19. cxd4 Nxc1 20. Rxc1 Rxf4
21. Nd2 Rxd4 22. Nf3 Rd3 23. Rxc7 Bf6 24. Rf1 Rxd5 25. Rxa7 Bxb2 26. Ra8+ Kf7
27. Ne5+ Ke6 28. Re8+ Kd6 29. Rd8+ Ke6 30. Rxd5 Kxd5 31. Nd3 Bd4+ 32. Kg2 Nf6
33. Nf4+ Ke5 34. a4 g5 35. Ne2 Bc5 36. Ng3 Be3 37. Re1 Kf4 38. a5 Nd5 39. a6
Nc7 40. Nh5+ Ke4 41. a7 Kd3 42. Rd1+ Bd2 43. Nf6 Kc2 44. Ra1 Bc3 45. Nd5 1-0

[Event "Sea festival 2021 A"]
[Site "Klaipeda"]
[Date "2021.07.24"]
[Round "6.4"]
[White "Galuscak, Viktoras"]
[Black "Zirnovas, Martynas"]
[Result "1/2-1/2"]
[WhiteElo "1883"]
[BlackElo "1834"]
[PlyCount "113"]
[EventDate "2021.07.19"]
[EventRounds "7"]
[EventCountry "LTU"]

1. e4 c5 2. b3 Nc6 3. Bb2 Nf6 4. e5 Nd5 5. Bc4 e6 6. Nf3 Be7 7. O-O O-O 8. Re1
d6 9. Qc1 Nxe5 10. Nxe5 dxe5 11. Bxe5 Nb6 12. Bd3 f6 13. Bb2 e5 14. Nc3 Be6 15.
Be4 Qc7 16. d3 Rad8 17. f4 exf4 18. Bxh7+ Kxh7 19. Rxe6 Qd7 20. Qe1 Bd6 21. Ne4
Be5 22. Rxe5 fxe5 23. Qh4+ Kg8 24. Ng5 Qf5 25. Bxe5 Nd5 26. Rf1 Nf6 27. Bxf4
Nh7 28. Nxh7 Qxh7 29. Qxh7+ Kxh7 30. Be3 b6 31. Rxf8 Rxf8 32. h4 Kg6 33. g3 Rf5
34. Kg2 Kf7 35. Bf4 Ke6 36. Kf3 Kd5 37. Ke3 Rf7 38. Kd2 a5 39. a4 Re7 40. Bg5
Re6 41. Bf4 Kc6 42. Kd1 Kd7 43. Kd2 Kc6 44. Kd1 Re7 45. Kd2 Kd5 46. Bg5 Rf7 47.
Bf4 Ke6 48. Kc3 Kd5 49. Kd2 g6 50. Kc3 Re7 51. Kd2 Rd7 52. Kc3 Rf7 53. Kd2 Ke6
54. Kc3 Kd5 55. Kd2 Re7 56. Bg5 Rf7 57. Bf4 1/2-1/2

[Event "Sea festival 2021 A"]
[Site "Klaipeda"]
[Date "2021.07.24"]
[Round "6.5"]
[White "Gluchaciov, Nikolaj"]
[Black "Januseviciute, Donata"]
[Result "1-0"]
[WhiteElo "1714"]
[BlackElo "1505"]
[PlyCount "107"]
[EventDate "2021.07.19"]
[EventRounds "7"]
[EventCountry "LTU"]

1. e4 d5 2. exd5 Qxd5 3. Nc3 Qa5 4. b4 Qxb4 5. Rb1 Qa5 6. Bc4 Qe5+ 7. Nge2 Nf6
8. d4 Qd6 9. Bf4 Qd8 10. Nb5 Na6 11. O-O c6 12. Nbc3 Nc7 13. f3 Ncd5 14. Bg5 h6
15. Bc1 e6 16. Ne4 Be7 17. Bb3 O-O 18. c4 Nb6 19. Be3 Nbd7 20. Bc2 b6 21. Qd3
Re8 22. g4 Nf8 23. N2g3 Ng6 24. Rbd1 Bb7 25. h4 Nxe4 26. Qxe4 Bxh4 27. Nh5 Qc7
28. Qd3 Rad8 29. f4 Qe7 30. Qc3 Bf6 31. Nxf6+ Qxf6 32. g5 Qe7 33. c5 bxc5 34.
dxc5 Rxd1 35. Rxd1 Rd8 36. Rf1 hxg5 37. fxg5 Bc8 38. Be4 Qc7 39. Bc1 Qe5 40.
Qf3 Qxc5+ 41. Be3 Qe7 42. Qh5 Qa3 43. Rf3 Rd1+ 44. Kg2 Qxa2+ 45. Rf2 Qa1 46.
Rxf7 Kxf7 47. Qxg6+ Ke7 48. Bc5+ Kd8 49. Qf7 Qb2+ 50. Bf2 Rd2 51. Qf8+ Kc7 52.
Qf4+ Kb7 53. Qf7+ Kb8 54. Qxa7# 1-0

[Event "Sea festival 2021 A"]
[Site "Klaipeda"]
[Date "2021.07.24"]
[Round "6.6"]
[White "Pakalniskis, Romas"]
[Black "Barsciauskas, Gintautas"]
[Result "1-0"]
[WhiteElo "1563"]
[BlackElo "1611"]
[PlyCount "79"]
[EventDate "2021.07.19"]
[EventRounds "7"]
[EventCountry "LTU"]

1. Nf3 Nf6 2. g3 d5 3. Bg2 c5 4. c4 e6 5. O-O Nc6 6. cxd5 exd5 7. d4 cxd4 8.
Nxd4 Bc5 9. Nb3 Be7 10. Nc3 Be6 11. Bg5 O-O 12. Rc1 a5 13. a4 Nb4 14. Nd4 Bd7
15. Ncb5 Bc6 16. Nf5 Re8 17. Nxe7+ Qxe7 18. Bxf6 gxf6 19. e3 Rad8 20. Nd4 Qe5
21. Rc5 Kh8 22. Rxa5 Qc7 23. Rc5 Qb6 24. Rc1 Rg8 25. Ra1 Qa6 26. b3 Be8 27. Qd2
Nc6 28. Rfc1 Ne5 29. f4 Ng6 30. Bf1 Qa8 31. Rc7 Rc8 32. Rac1 Bc6 33. Rxf7 Rgf8
34. Rxf8+ Nxf8 35. Bh3 Re8 36. Kg2 Bd7 37. Bxd7 Nxd7 38. Rc7 Nb8 39. Qc2 Na6
40. Qxh7# 1-0

[Event "Sea festival 2021 A"]
[Site "Klaipeda"]
[Date "2021.07.25"]
[Round "7.1"]
[White "Salna, Aleksandras"]
[Black "Gluchaciov, Nikolaj"]
[Result "1-0"]
[WhiteElo "2166"]
[BlackElo "1714"]
[PlyCount "87"]
[EventDate "2021.07.19"]
[EventRounds "7"]
[EventCountry "LTU"]

1. d4 Nf6 2. c4 g6 3. Nc3 Bg7 4. e4 d6 5. h3 O-O 6. Be3 e5 7. d5 Nbd7 8. Nf3 a5
9. g4 Nc5 10. Nd2 b6 11. Be2 Ne8 12. h4 f5 13. gxf5 gxf5 14. exf5 Bxf5 15. h5
Kh8 16. h6 Bf6 17. Bxc5 bxc5 18. Nde4 Rb8 19. Qd2 a4 20. O-O-O Bg6 21. Rdg1 Rb4
22. a3 Rb3 23. Bd1 Rxc3+ 24. Nxc3 e4 25. Bc2 Qe7 26. Kb1 Bd4 27. Rg2 Nf6 28.
Ka2 Qe5 29. Rg5 e3 30. Qxe3 Bxe3 31. Rxe5 Bxf2 32. Re2 Bxc2 33. Rxc2 Bd4 34.
Rf1 Rg8 35. Nb5 Be5 36. Nxc7 Rg6 37. Ne6 Rxh6 38. Re2 Ng8 39. Ng5 Rf6 40. Rxf6
Bxf6 41. Nf7+ Kg7 42. Nxd6 Bd8 43. Nb7 h5 44. Nxd8 1-0

[Event "Sea festival 2021 A"]
[Site "Klaipeda"]
[Date "2021.07.25"]
[Round "7.2"]
[White "Pidluznij, Gleb"]
[Black "Galuscak, Viktoras"]
[Result "1-0"]
[WhiteElo "2017"]
[BlackElo "1883"]
[PlyCount "61"]
[EventDate "2021.07.19"]
[EventRounds "7"]
[EventCountry "LTU"]

1. d4 e6 2. e4 d5 3. Nd2 dxe4 4. Nxe4 Nf6 5. Bd3 Nbd7 6. Nf3 Be7 7. O-O Nxe4 8.
Bxe4 Nf6 9. Bd3 O-O 10. b3 b6 11. Bb2 Bb7 12. c4 c5 13. dxc5 Bxc5 14. Ne5 Qe7
15. Qe2 Rad8 16. Rad1 Ba8 17. Bb1 Rxd1 18. Rxd1 Rd8 19. Rxd8+ Qxd8 20. Ng4 Nxg4
21. Qxg4 Bf8 22. Bc3 Qd6 23. h4 f5 24. Qe2 Qc6 25. f3 Bc5+ 26. Kf1 Qd6 27. b4
Bxb4 28. Bxb4 Qxb4 29. Qxe6+ Kf8 30. Qc8+ Ke7 31. Bxf5 1-0

[Event "Sea festival 2021 A"]
[Site "Klaipeda"]
[Date "2021.07.25"]
[Round "7.4"]
[White "Scekaciov, Rostislav"]
[Black "Jadenkus, Henrikas"]
[Result "1-0"]
[WhiteElo "1644"]
[BlackElo "1919"]
[PlyCount "79"]
[EventDate "2021.07.19"]
[EventRounds "7"]
[EventCountry "LTU"]

1. Nf3 f5 2. c4 Nf6 3. d4 g6 4. Nc3 Bg7 5. g3 O-O 6. Bg2 c6 7. O-O d6 8. Qc2
Qe8 9. b4 Be6 10. Nd2 Qc8 11. e3 Na6 12. a3 Nc7 13. Bb2 d5 14. cxd5 Ncxd5 15.
Nb3 Nxc3 16. Bxc3 Bxb3 17. Qxb3+ Kh8 18. Rac1 Qd7 19. Rfd1 Nd5 20. Bb2 Rac8 21.
b5 e6 22. a4 cxb5 23. axb5 h5 24. Rc5 b6 25. Bxd5 bxc5 26. Bxe6 c4 27. Bxd7
cxb3 28. Bxc8 Rxc8 29. Rd3 h4 30. Rxb3 h3 31. Bc3 Bf8 32. Kf1 Kg8 33. Ke2 Kf7
34. Kd3 Bd6 35. f4 Ke6 36. e4 fxe4+ 37. Kxe4 g5 38. d5+ Kf7 39. fxg5 Bxg3 40.
Be5 1-0

[Event "Sea festival 2021 A"]
[Site "Klaipeda"]
[Date "2021.07.25"]
[Round "7.5"]
[White "Michailov, Andrej"]
[Black "Barsciauskas, Gintautas"]
[Result "1/2-1/2"]
[WhiteElo "1645"]
[BlackElo "1611"]
[PlyCount "134"]
[EventDate "2021.07.19"]
[EventRounds "7"]
[EventCountry "LTU"]

1. c4 e5 2. Nc3 Nf6 3. g3 Be7 4. Bg2 O-O 5. d3 c6 6. e4 Na6 7. Nge2 Nc7 8. O-O
d5 9. cxd5 cxd5 10. d4 exd4 11. Nxd5 Nfxd5 12. exd5 Nxd5 13. Qxd4 Nb4 14. Bd2
Nc6 15. Qxd8 Rxd8 16. Bc3 Be6 17. Nf4 Bc4 18. Rfe1 Bd6 19. Re4 Ba6 20. Nh5 f5
21. Ra4 Ne5 22. Rxa6 bxa6 23. Bxa8 Rxa8 24. Nxg7 Rf8 25. Ne6 Re8 26. Nf4 Ng6
27. Nd5 Kf7 28. Rd1 Re6 29. Kf1 h5 30. Nf6 h4 31. Nh7 Be7 32. f4 hxg3 33. hxg3
Kg8 34. Ng5 Bxg5 35. fxg5 f4 36. Rd8+ Kf7 37. gxf4 Nxf4 38. Rd7+ Kg6 39. Bf6
Nh5 40. Kf2 Nxf6 41. gxf6 Kxf6 42. Rxa7 Rc6 43. Ke3 Ke5 44. Kd3 Kd5 45. b4 Ke5
46. a4 Kd5 47. Rd7+ Ke5 48. Rh7 Rg6 49. Rd7 Rc6 50. Rd8 Ke6 51. Kd4 Rc1 52. Rh8
Kd7 53. Rh6 a5 54. bxa5 Ra1 55. Kc5 Rxa4 56. Kb6 Rb4+ 57. Ka7 Kc7 58. Rb6 Rc4
59. a6 Rc1 60. Rb7+ Kc8 61. Rg7 Rb1 62. Rg8+ Kc7 63. Rg4 Rc1 64. Rg7+ Kc8 65.
Kb6 Rb1+ 66. Kc6 Rc1+ 67. Kb6 Rb1+ 1/2-1/2

[Event "Sea festival 2021 A"]
[Site "Klaipeda"]
[Date "2021.07.25"]
[Round "7.6"]
[White "Januseviciute, Donata"]
[Black "Pakalniskis, Romas"]
[Result "1-0"]
[WhiteElo "1505"]
[BlackElo "1563"]
[PlyCount "79"]
[EventDate "2021.07.19"]
[EventRounds "7"]
[EventCountry "LTU"]

1. d4 Nf6 2. c4 e6 3. Nf3 d5 4. Bg5 Be7 5. e3 O-O 6. Nc3 Nbd7 7. a3 a6 8. Rc1
Re8 9. Be2 dxc4 10. Bxc4 c5 11. dxc5 Nxc5 12. O-O b5 13. Ba2 Bb7 14. Qe2 Rc8
15. Rfd1 Qb6 16. Rd4 h6 17. Bh4 Ncd7 18. Rcd1 Nf8 19. Ne5 Rcd8 20. h3 Rxd4 21.
Rxd4 Rd8 22. Qd1 Rxd4 23. Qxd4 Qxd4 24. exd4 g5 25. Bg3 Ne4 26. Nxe4 Bxe4 27.
f3 Bb7 28. Kf1 f6 29. Nd3 Kf7 30. Nc5 Bc8 31. b4 Ng6 32. Bc7 h5 33. d5 Bxc5 34.
bxc5 Ne7 35. d6 Nc6 36. g3 Bd7 37. f4 gxf4 38. gxf4 f5 39. Kf2 h4 40. Ke3 1-0